| 000 | 00589nam a22001937a 4500 | ||
|---|---|---|---|
| 003 | OSt | ||
| 005 | 20140310182819.0 | ||
| 008 | 130304t xxu||||| |||| 00| 0 eng d | ||
| 020 | _a0471128112 | ||
| 050 |
_aQA 76.76.D47 _b.B454 1995 |
||
| 100 | _aBennatan, E.M. | ||
| 245 |
_aOn time, within budget : _cE.M.Bennatan _bsoftware project management practices and techniques / |
||
| 260 |
_aBoston : _bQED Pub. Group, _c1995. |
||
| 300 |
_axiv, 206 p. : _b ill. ; _c27 cm. |
||
| 521 | _aIT | ||
| 650 |
_aSoftware Management _xPractices _xTechniques |
||
| 942 |
_2lcc _cBK _kFOR |
||
| 999 |
_c16350 _d16350 |
||